[Event "Winter Chess"]
[Site "?"]
[Date "2013.12.31"]
[Round "5.1"]
[White "Bremner, Adam"]
[Black "Steil-Antoni, Fiona"]
[Result "1-0"]
[LiveChessVersion "1.4.2"]
[BlackElo "2190"]
[WhiteElo "2189"]

1. c4 {[%clk 1:16:11]} e6 {[%clk 1:30:54]} 2. Nf3 {[%clk 1:16:34]} b6
{[%clk 1:29:21]} 3. d4 {[%clk 1:16:27]} Nf6 {[%clk 1:28:44]} 4. Bf4
{[%clk 1:16:50]} Bb7 {[%clk 1:28:07]} 5. e3 {[%clk 1:17:13]} c5 {[%clk 1:21:00]}
6. Be2 {[%clk 1:12:32]} Be7 {[%clk 1:18:37]} 7. Nc3 {[%clk 1:10:02]} Nh5
{[%clk 1:13:20]} 8. Bxb8 {[%clk 1:03:57]} Qxb8 {[%clk 1:10:17]} 9. d5
{[%clk 1:03:33]} Nf6 {[%clk 1:07:13]} 10. e4 {[%clk 1:02:14]} exd5
{[%clk 1:05:23]} 11. exd5 {[%clk 0:59:11]} O-O {[%clk 1:04:31]} 12. O-O
{[%clk 0:57:15]} d6 {[%clk 1:02:19]} 13. Bd3 {[%clk 0:55:59]} Bc8
{[%clk 0:58:55]} 14. h3 {[%clk 0:56:18]} Bd7 {[%clk 0:58:16]} 15. a4
{[%clk 0:55:59]} a5 {[%clk 0:53:57]} 16. Nd2 {[%clk 0:54:20]} Qc8
{[%clk 0:45:59]} 17. Qf3 {[%clk 0:54:03]} Re8 {[%clk 0:45:27]} 18. Rfe1
{[%clk 0:45:12]} Bf8 {[%clk 0:42:41]} 19. Kf1 {[%clk 0:41:19]} Rxe1+
{[%clk 0:39:11]} 20. Rxe1 {[%clk 0:41:32]} Qd8 {[%clk 0:39:15]} 21. Bf5
{[%clk 0:35:35]} Bxf5 {[%clk 0:28:45]} 22. Qxf5 {[%clk 0:35:59]} Qd7
{[%clk 0:26:30]} 23. Qxd7 {[%clk 0:35:41]} Nxd7 {[%clk 0:26:58]} 24. f4
{[%clk 0:35:52]} Nf6 {[%clk 0:22:59]} 25. Nde4 {[%clk 0:35:23]} Nxe4
{[%clk 0:22:11]} 26. Rxe4 {[%clk 0:35:43]} f5 {[%clk 0:20:32]} 27. Re6
{[%clk 0:35:39]} Kf7 {[%clk 0:20:38]} 28. Nb5 {[%clk 0:33:32]} Re8
{[%clk 0:12:51]} 29. Rxe8 {[%clk 0:18:10]} Kxe8 {[%clk 0:13:19]} 30. g4
{[%clk 0:17:57]} g6 {[%clk 0:12:46]} 31. Kf2 {[%clk 0:18:06]} Ke7
{[%clk 0:11:10]} 32. Kg3 {[%clk 0:18:00]} Bg7 {[%clk 0:09:54]} 33. b3
{[%clk 0:17:54]} fxg4 {[%clk 0:07:00]} 34. hxg4 {[%clk 0:17:01]} Kd7
{[%clk 0:05:37]} 35. g5 {[%clk 0:16:54]} Bb2 {[%clk 0:03:17]} 36. Kg4
{[%clk 0:17:16]} Bg7 {[%clk 0:02:39]} 37. f5 {[%clk 0:17:11]} gxf5+
{[%clk 0:01:31]} 38. Kxf5 {[%clk 0:17:39]} Bb2 {[%clk 0:01:47]} 39. Kg4
{[%clk 0:17:48]} Be5 {[%clk 0:00:52]} 40. Kh5 {[%clk 0:17:49]} Bg7
{[%clk 0:00:56]} 41. Na3 {[%clk 0:17:12]} Ke7 {[%clk 0:28:41]} 42. Nb1
{[%clk 0:47:12]} Kf7 {[%clk 0:27:32]} 43. Nd2 {[%clk 0:46:51]} Be5
{[%clk 0:27:06]} 44. Kh6 {[%clk 0:46:42]} Kg8 {[%clk 0:26:52]} 45. Nf3
{[%clk 0:41:30]} Bg3 {[%clk 0:26:03]} 46. g6 {[%clk 0:36:32]} hxg6
{[%clk 0:21:52]} 47. Kxg6 {[%clk 0:36:48]} Kf8 {[%clk 0:22:06]} 48. Kf6
{[%clk 0:36:57]} Ke8 {[%clk 0:22:06]} 49. Ke6 {[%clk 0:37:11]} Kd8
{[%clk 0:21:44]} 50. Nd2 {[%clk 0:36:47]} Kc7 {[%clk 0:21:31]} 51. Nb1
{[%clk 0:36:58]} b5 {[%clk 0:19:37]} 52. Nc3 {[%clk 0:35:02]} 1-0

[Event "Winter Chess"]
[Site "?"]
[Date "2013.12.31"]
[Round "5.2"]
[White "Berry, Neil"]
[Black "McNab, Colin"]
[Result "0-1"]
[LiveChessVersion "1.4.2"]
[BlackElo "2457"]
[WhiteElo "2242"]

1. d4 {[%clk 1:20:58]} d6 {[%clk 1:30:37]} 2. Nf3 {[%clk 1:21:14]} g6
{[%clk 1:30:48]} 3. c4 {[%clk 1:21:33]} Bg7 {[%clk 1:31:01]} 4. Nc3
{[%clk 1:21:38]} e5 {[%clk 1:30:44]} 5. e4 {[%clk 1:20:28]} Nc6 {[%clk 1:30:23]}
6. Bg5 {[%clk 1:19:40]} Qd7 {[%clk 1:28:27]} 7. Be3 {[%clk 1:11:03]} Nf6
{[%clk 1:28:01]} 8. d5 {[%clk 1:09:09]} Nd8 {[%clk 1:26:58]} 9. Be2
{[%clk 1:00:31]} O-O {[%clk 1:25:40]} 10. Nd2 {[%clk 1:00:13]} c5
{[%clk 1:20:24]} 11. Rb1 {[%clk 0:56:33]} b6 {[%clk 1:15:30]} 12. b4
{[%clk 0:54:45]} Nb7 {[%clk 1:11:36]} 13. O-O {[%clk 0:52:58]} Ne8
{[%clk 1:09:52]} 14. bxc5 {[%clk 0:51:59]} dxc5 {[%clk 1:02:59]} 15. a4
{[%clk 0:50:56]} Ned6 {[%clk 1:01:39]} 16. Nb3 {[%clk 0:43:59]} f5
{[%clk 0:59:47]} 17. f3 {[%clk 0:44:02]} h5 {[%clk 0:56:46]} 18. a5
{[%clk 0:35:16]} f4 {[%clk 0:54:48]} 19. Bf2 {[%clk 0:35:29]} g5 {[%clk 0:54:37]}
20. axb6 {[%clk 0:33:57]} axb6 {[%clk 0:54:45]} 21. Nd2 {[%clk 0:33:45]} Ra6
{[%clk 0:51:57]} 22. Ra1 {[%clk 0:14:43]} Na5 {[%clk 0:48:18]} 23. Qc2
{[%clk 0:14:05]} g4 {[%clk 0:46:27]} 24. Nb5 {[%clk 0:11:31]} Rf6
{[%clk 0:30:38]} 25. Nxd6 {[%clk 0:10:20]} Rxd6 {[%clk 0:29:59]} 26. Kh1
{[%clk 0:06:41]} Rg6 {[%clk 0:27:24]} 27. Bh4 {[%clk 0:05:06]} Qf7
{[%clk 0:21:32]} 28. Nb3 {[%clk 0:04:34]} Bf6 {[%clk 0:17:09]} 29. Bxf6
{[%clk 0:02:24]} Qxf6 {[%clk 0:17:20]} 30. Rfb1 {[%clk 0:00:58]} g3
{[%clk 0:10:55]} 31. Bf1 {[%clk 0:00:44]} Ra7 {[%clk 0:03:13]} 32. Nxa5
{[%clk 0:01:09]} Qh4 {[%clk 0:02:36]} 33. h3 {[%clk 0:01:34]} Rag7
{[%clk 0:02:59]} 34. Nc6 {[%clk 0:00:48]} Bxh3 {[%clk 0:03:04]} 35. gxh3
{[%clk 0:00:57]} g2+ {[%clk 0:03:27]} 36. Bxg2 {[%clk 0:01:18]} Rxg2
{[%clk 0:03:19]} 37. Qxg2 {[%clk 0:01:30]} Rxg2 {[%clk 0:03:40]} 38. Kxg2
{[%clk 0:01:35]} Qg3+ {[%clk 0:04:01]} 39. Kh1 {[%clk 0:01:23]} Qxf3+
{[%clk 0:04:08]} 40. Kh2 {[%clk 0:01:20]} Qe2+ {[%clk 0:02:01]} 41. Kh1
{[%clk 0:26:55]} Qxe4+ {[%clk 0:31:45]} 42. Kg1 {[%clk 0:22:33]} Qe3+
{[%clk 0:31:25]} 43. Kh2 {[%clk 0:20:06]} Qg3+ {[%clk 0:27:59]} 44. Kh1
{[%clk 0:20:32]} Qxh3+ {[%clk 0:25:06]} 45. Kg1 {[%clk 0:20:57]} f3
{[%clk 0:24:16]} 46. Rb2 {[%clk 0:19:38]} Qg3+ {[%clk 0:22:56]} 47. Kf1
{[%clk 0:19:30]} e4 {[%clk 0:22:29]} 48. Ne7+ {[%clk 0:12:31]} Kf8
{[%clk 0:20:23]} 49. Re1 {[%clk 0:09:02]} Qh3+ {[%clk 0:19:21]} 50. Kg1
{[%clk 0:08:33]} Qg4+ {[%clk 0:18:48]} 51. Kf1 {[%clk 0:08:41]} Kxe7
{[%clk 0:18:45]} 52. Rh2 {[%clk 0:07:40]} Qf4 {[%clk 0:15:24]} 53. Rxh5
{[%clk 0:07:33]} e3 {[%clk 0:15:14]} 54. Rh7+ {[%clk 0:05:37]} Kf6
{[%clk 0:15:12]} 55. Rb1 {[%clk 0:05:57]} Qxc4+ {[%clk 0:15:28]} 56. Kg1
{[%clk 0:06:15]} Qg4+ {[%clk 0:15:52]} 57. Kf1 {[%clk 0:06:41]} Qg2+
{[%clk 0:16:15]} 58. Ke1 {[%clk 0:07:08]} Qe2# 0-1

[Event "Winter Chess"]
[Site "?"]
[Date "2013.12.31"]
[Round "5.3"]
[White "Kilpatrick, Callum"]
[Black "MacQueen, Calum"]
[Result "1-0"]
[LiveChessVersion "1.4.2"]
[BlackElo "2240"]
[WhiteElo "2350"]

1. e4 {[%clk 1:24:53]} c5 {[%clk 1:30:55]} 2. Nf3 {[%clk 1:24:52]} Nc6
{[%clk 1:31:21]} 3. Bb5 {[%clk 1:25:11]} e6 {[%clk 1:31:48]} 4. O-O
{[%clk 1:25:23]} Nge7 {[%clk 1:32:15]} 5. b3 {[%clk 1:25:44]} d6 {[%clk 1:28:08]}
6. d4 {[%clk 1:18:46]} cxd4 {[%clk 1:27:11]} 7. Nxd4 {[%clk 1:14:05]} e5
{[%clk 1:22:12]} 8. Nxc6 {[%clk 1:09:07]} bxc6 {[%clk 1:22:33]} 9. Ba4
{[%clk 1:09:09]} Qc7 {[%clk 1:17:17]} 10. f4 {[%clk 0:56:20]} exf4
{[%clk 1:15:01]} 11. Bxf4 {[%clk 0:56:30]} Ng6 {[%clk 1:15:24]} 12. Qd4
{[%clk 0:49:30]} Bd7 {[%clk 1:05:32]} 13. Kh1 {[%clk 0:40:01]} Be7
{[%clk 0:52:24]} 14. Qxg7 {[%clk 0:30:24]} O-O-O {[%clk 0:52:25]} 15. Qd4
{[%clk 0:28:05]} Nxf4 {[%clk 0:49:04]} 16. Rxf4 {[%clk 0:28:22]} Be6
{[%clk 0:49:21]} 17. Nc3 {[%clk 0:17:30]} d5 {[%clk 0:47:08]} 18. exd5
{[%clk 0:16:48]} Bxd5 {[%clk 0:42:35]} 19. Nxd5 {[%clk 0:17:12]} cxd5
{[%clk 0:42:54]} 20. Rxf7 {[%clk 0:16:42]} Qc5 {[%clk 0:42:37]} 21. Qe5
{[%clk 0:13:34]} Bd6 {[%clk 0:42:43]} 22. Qe6+ {[%clk 0:11:09]} Kb8
{[%clk 0:43:02]} 23. Raf1 {[%clk 0:10:04]} Rhf8 {[%clk 0:41:25]} 24. Rxf8
{[%clk 0:10:22]} Rxf8 {[%clk 0:41:51]} 25. Rxf8+ {[%clk 0:10:48]} Bxf8
{[%clk 0:42:16]} 26. Qe8+ {[%clk 0:05:21]} Kc7 {[%clk 0:42:41]} 27. Qd7+
{[%clk 0:05:05]} Kb6 {[%clk 0:42:57]} 28. Qd8+ {[%clk 0:04:15]} Kb7
{[%clk 0:43:15]} 29. Qd7+ {[%clk 0:04:33]} Kb6 {[%clk 0:43:41]} 30. Qe6+
{[%clk 0:03:45]} Kc7 {[%clk 0:43:04]} 31. Qe2 {[%clk 0:02:34]} Qd4
{[%clk 0:41:55]} 32. Bb5 {[%clk 0:01:29]} Bc5 {[%clk 0:42:18]} 33. Qf1
{[%clk 0:01:55]} Kb6 {[%clk 0:42:28]} 34. Bd3 {[%clk 0:02:23]} h5
{[%clk 0:42:35]} 35. g3 {[%clk 0:02:15]} h4 {[%clk 0:42:32]} 36. Kg2
{[%clk 0:02:26]} hxg3 {[%clk 0:41:40]} 37. hxg3 {[%clk 0:02:52]} a5
{[%clk 0:41:41]} 38. a4 {[%clk 0:03:03]} Qe3 {[%clk 0:41:33]} 39. Qf6+
{[%clk 0:03:15]} Kb7 {[%clk 0:41:46]} 40. Qf7+ {[%clk 0:01:58]} Kb6
{[%clk 0:41:12]} 41. Qxd5 {[%clk 0:27:57]} Qd2+ {[%clk 1:11:32]} 42. Kh3
{[%clk 0:28:17]} Qh6+ {[%clk 1:11:50]} 43. Kg4 {[%clk 0:28:36]} Qg7+
{[%clk 1:10:54]} 44. Qg5 {[%clk 0:28:47]} Qd7+ {[%clk 1:11:08]} 45. Qf5
{[%clk 0:28:52]} Qd4+ {[%clk 1:10:53]} 46. Kh3 {[%clk 0:29:04]} Qe3
{[%clk 1:11:03]} 47. Qg6+ {[%clk 0:26:00]} Kc7 {[%clk 1:11:06]} 48. Be4
{[%clk 0:24:24]} Qf2 {[%clk 1:10:45]} 49. Qc6+ {[%clk 0:23:46]} Kd8
{[%clk 1:11:11]} 50. Qd5+ {[%clk 0:21:17]} Kc7 {[%clk 1:11:27]} 51. Qe5+
{[%clk 0:21:21]} Kd8 {[%clk 1:11:32]} 52. Qg5+ {[%clk 0:21:44]} Kd7
{[%clk 1:11:00]} 53. Qf5+ {[%clk 0:21:47]} Qxf5+ {[%clk 1:11:13]} 54. Bxf5+
{[%clk 0:22:15]} Ke7 {[%clk 1:11:28]} 55. g4 {[%clk 0:21:25]} Kf6
{[%clk 1:11:43]} 56. Kg3 {[%clk 0:21:47]} Ke5 {[%clk 1:11:53]} 57. Kf3
{[%clk 0:20:55]} Bb6 {[%clk 1:11:05]} 58. Be4 {[%clk 0:20:41]} Bd8
{[%clk 1:11:21]} 59. Ke3 {[%clk 0:21:04]} Kd5 1-0

[Event "Winter Chess"]
[Site "?"]
[Date "2013.12.31"]
[Round "5.4"]
[White "Burnett, Andrew"]
[Black "Sreeves, Clement"]
[Result "1/2-1/2"]
[LiveChessVersion "1.4.2"]
[BlackElo "2254"]
[WhiteElo "2209"]

1. c4 {[%clk 1:30:46]} b6 {[%clk 1:24:53]} 2. Nc3 {[%clk 1:30:31]} Bb7
{[%clk 1:25:09]} 3. Nf3 {[%clk 1:29:37]} e6 {[%clk 1:23:32]} 4. e4
{[%clk 1:28:51]} c5 {[%clk 1:22:26]} 5. d4 {[%clk 1:28:09]} cxd4 {[%clk 1:22:48]}
6. Nxd4 {[%clk 1:28:33]} a6 {[%clk 1:20:23]} 7. Qe2 {[%clk 1:21:15]} Qc7
{[%clk 1:13:24]} 8. g3 {[%clk 1:17:49]} g6 {[%clk 1:10:05]} 9. Bg2
{[%clk 1:17:16]} Bg7 {[%clk 1:10:27]} 10. Be3 {[%clk 1:16:06]} Ne7
{[%clk 1:07:35]} 11. O-O {[%clk 1:15:04]} d6 {[%clk 1:06:06]} 12. Rad1
{[%clk 1:08:50]} O-O {[%clk 1:01:07]} 13. f4 {[%clk 1:05:38]} Nbc6
{[%clk 0:58:22]} 14. Nxc6 {[%clk 0:49:31]} Nxc6 {[%clk 0:52:41]} 15. Qf2
{[%clk 0:47:30]} Ne7 {[%clk 0:49:18]} 16. e5 {[%clk 0:45:11]} dxe5
{[%clk 0:47:17]} 17. Bxb6 {[%clk 0:45:31]} Qc8 {[%clk 0:46:45]} 18. Ne4
{[%clk 0:43:49]} Bxe4 {[%clk 0:12:36]} 19. Bxe4 {[%clk 0:44:08]} Rb8
{[%clk 0:11:51]} 20. Ba7 {[%clk 0:27:34]} Qxc4 {[%clk 0:08:15]} 21. Bxb8
{[%clk 0:27:49]} Rxb8 {[%clk 0:07:27]} 22. Qa7 {[%clk 0:24:34]} Re8
{[%clk 0:05:25]} 23. Bd3 {[%clk 0:21:05]} Qxa2 {[%clk 0:05:01]} 24. Qd7
{[%clk 0:21:21]} Kf8 {[%clk 0:04:36]} 25. fxe5 {[%clk 0:21:17]} Bxe5
{[%clk 0:03:06]} 26. Rde1 {[%clk 0:13:42]} Qxb2 {[%clk 0:03:22]} 27. Qxe6
{[%clk 0:12:58]} Nf5 {[%clk 0:02:20]} 28. Qd5 {[%clk 0:11:42]} Bd4+
{[%clk 0:01:07]} 29. Kh1 {[%clk 0:12:08]} Rxe1 {[%clk 0:01:07]} 30. Rxe1
{[%clk 0:12:34]} Ne3 {[%clk 0:00:46]} 31. Qf3 {[%clk 0:10:12]} Qd2
{[%clk 0:00:51]} 32. Qe2 {[%clk 0:10:40]} Qc3 {[%clk 0:00:59]} 33. Be4
{[%clk 0:07:50]} a5 {[%clk 0:01:28]} 34. Rb1 {[%clk 0:07:49]} a4 {[%clk 0:01:25]}
35. Qd3 {[%clk 0:06:57]} a3 {[%clk 0:00:51]} 36. Qxc3 {[%clk 0:06:46]} Bxc3
{[%clk 0:01:15]} 37. Rb8+ {[%clk 0:07:10]} Ke7 {[%clk 0:01:18]} 38. Ra8
{[%clk 0:07:32]} Bb4 {[%clk 0:00:41]} 39. Bb1 {[%clk 0:06:15]} h5
{[%clk 0:00:33]} 40. Ra7+ {[%clk 0:06:34]} Ke8 {[%clk 0:00:33]} 41. Ba2
{[%clk 0:06:04]} Be7 {[%clk 0:28:59]} 42. Ra8+ {[%clk 0:35:25]} Bd8
{[%clk 0:29:22]} 43. Rxa3 {[%clk 0:31:57]} Ng4 {[%clk 0:29:43]} 44. Ra8
{[%clk 0:31:04]} Ne5 {[%clk 0:29:29]} 45. Kg2 {[%clk 0:30:59]} Ke7
{[%clk 0:29:47]} 46. h3 {[%clk 0:30:34]} Bb6 {[%clk 0:29:38]} 47. Ra6
{[%clk 0:30:14]} Bc5 {[%clk 0:29:18]} 48. Bd5 {[%clk 0:30:26]} Bd4
{[%clk 0:28:34]} 49. Kf1 {[%clk 0:30:26]} Bc5 {[%clk 0:28:15]} 50. Ke2
{[%clk 0:30:40]} Bd4 {[%clk 0:28:22]} 51. Ba2 {[%clk 0:30:21]} Bc5
{[%clk 0:27:32]} 52. Bd5 {[%clk 0:27:26]} Bd4 {[%clk 0:27:50]} 53. g4
{[%clk 0:27:25]} hxg4 {[%clk 0:28:13]} 54. hxg4 {[%clk 0:27:50]} Bb2
{[%clk 0:26:03]} 55. Bf3 {[%clk 0:23:45]} Nxf3 {[%clk 0:26:23]} 56. Kxf3
{[%clk 0:24:10]} Bc3 {[%clk 0:26:25]} 57. Ke4 {[%clk 0:22:59]} Bb2
{[%clk 0:25:07]} 58. Kd5 {[%clk 0:21:19]} Bc3 {[%clk 0:25:22]} 59. Rc6
{[%clk 0:20:29]} Bb2 {[%clk 0:25:45]} 60. Rc2 {[%clk 0:20:22]} Ba1
{[%clk 0:25:39]} 61. g5 {[%clk 0:18:52]} Kf8 {[%clk 0:25:38]} 62. Rf2
{[%clk 0:18:35]} Kg7 {[%clk 0:25:13]} 63. Kd6 {[%clk 0:18:21]} Kf8
{[%clk 0:24:12]} 64. Kd7 {[%clk 0:18:23]} Bd4 {[%clk 0:24:25]} 65. Rf3
{[%clk 0:18:23]} Bb2 {[%clk 0:24:30]} 66. Rb3 {[%clk 0:17:46]} Bc1
{[%clk 0:24:44]} 67. Rb5 {[%clk 0:17:50]} Bd2 {[%clk 0:24:47]} 68. Rd5
{[%clk 0:17:15]} Bc1 {[%clk 0:24:55]} 69. Rb5 {[%clk 0:17:09]} 1/2-1/2

[Event "Winter Chess"]
[Site "?"]
[Date "2013.12.31"]
[Round "5.5"]
[White "Hamitevici, Vladmir"]
[Black "Michielsen, Joost"]
[Result "0-1"]
[LiveChessVersion "1.4.2"]
[BlackElo "2343"]
[WhiteElo "2508"]

1. e4 {[%clk 1:30:44]} c5 {[%clk 1:30:55]} 2. Nf3 {[%clk 1:31:04]} e6
{[%clk 1:30:58]} 3. g3 {[%clk 1:31:19]} d6 {[%clk 1:29:02]} 4. Bg2
{[%clk 1:31:08]} Nf6 {[%clk 1:29:25]} 5. Qe2 {[%clk 1:30:03]} Nc6
{[%clk 1:22:11]} 6. O-O {[%clk 1:29:34]} Be7 {[%clk 1:19:29]} 7. c3
{[%clk 1:25:59]} O-O {[%clk 1:18:32]} 8. d4 {[%clk 1:18:27]} d5 {[%clk 1:11:47]}
9. e5 {[%clk 1:18:11]} Nd7 {[%clk 1:09:22]} 10. Rd1 {[%clk 1:10:56]} Rb8
{[%clk 1:04:05]} 11. h4 {[%clk 1:07:45]} b5 {[%clk 1:01:50]} 12. Nbd2
{[%clk 0:52:43]} b4 {[%clk 0:57:38]} 13. Nf1 {[%clk 0:49:55]} bxc3
{[%clk 0:51:33]} 14. bxc3 {[%clk 0:50:16]} Qa5 {[%clk 0:51:58]} 15. Bd2
{[%clk 0:42:46]} Nb6 {[%clk 0:40:02]} 16. Ng5 {[%clk 0:32:10]} Bxg5
{[%clk 0:32:12]} 17. Bxg5 {[%clk 0:32:10]} Qxc3 {[%clk 0:32:22]} 18. Rac1
{[%clk 0:31:17]} Nxd4 {[%clk 0:31:47]} 19. Qg4 {[%clk 0:31:32]} Qb4
{[%clk 0:26:17]} 20. a3 {[%clk 0:22:32]} Qa4 {[%clk 0:25:20]} 21. Ne3
{[%clk 0:15:18]} Ba6 {[%clk 0:20:24]} 22. Rxc5 {[%clk 0:06:24]} Ne2+
{[%clk 0:20:11]} 23. Kh2 {[%clk 0:06:44]} Qxg4 {[%clk 0:19:58]} 24. Nxg4
{[%clk 0:07:12]} Nc4 {[%clk 0:18:31]} 25. Bf3 {[%clk 0:05:04]} Nc3
{[%clk 0:15:52]} 26. Rd4 {[%clk 0:04:19]} Rb3 {[%clk 0:10:11]} 27. Be7
{[%clk 0:02:30]} h5 {[%clk 0:09:12]} 28. Bxf8 {[%clk 0:01:17]} hxg4
{[%clk 0:09:24]} 29. Bxg7 {[%clk 0:01:44]} Kxg7 {[%clk 0:09:30]} 30. Rxg4+
{[%clk 0:02:07]} Kf8 {[%clk 0:09:52]} 31. Rg5 {[%clk 0:01:49]} Nd2
{[%clk 0:09:27]} 32. Bh5 {[%clk 0:01:12]} Nce4 {[%clk 0:09:43]} 0-1

[Event "Winter Chess"]
[Site "?"]
[Date "2013.12.31"]
[Round "5.6"]
[White "Bamber, Elaine"]
[Black "Brechin, Hugh"]
[Result "1-0"]
[LiveChessVersion "1.4.2"]
[BlackElo "2019"]
[WhiteElo "2119"]

1. e4 {[%clk 1:30:59]} c5 {[%clk 1:30:45]} 2. Nf3 {[%clk 1:31:25]} d6
{[%clk 1:31:12]} 3. Bb5+ {[%clk 1:31:51]} Bd7 {[%clk 1:30:54]} 4. Bxd7+
{[%clk 1:31:56]} Qxd7 {[%clk 1:31:03]} 5. O-O {[%clk 1:32:01]} Nf6
{[%clk 1:30:37]} 6. Qe2 {[%clk 1:30:09]} Nc6 {[%clk 1:30:14]} 7. c3
{[%clk 1:29:59]} e5 {[%clk 1:28:53]} 8. d4 {[%clk 1:28:18]} g6 {[%clk 1:26:16]}
9. dxc5 {[%clk 1:25:45]} dxc5 {[%clk 1:26:14]} 10. Rd1 {[%clk 1:25:07]} Qc7
{[%clk 1:26:22]} 11. Na3 {[%clk 1:24:31]} a6 {[%clk 1:25:02]} 12. Nc4
{[%clk 1:22:48]} Bg7 {[%clk 1:21:35]} 13. Nd6+ {[%clk 1:22:09]} Kf8
{[%clk 1:20:19]} 14. Ng5 {[%clk 1:21:03]} Nd8 {[%clk 1:20:37]} 15. Ndxf7
{[%clk 1:21:13]} Qe7 {[%clk 1:20:13]} 16. Nxd8 1-0

[Event "Winter Chess"]
[Site "?"]
[Date "2013.12.31"]
[Round "5.7"]
[White "Kirk, Larry"]
[Black "McGowan, Daniel"]
[Result "1/2-1/2"]
[LiveChessVersion "1.4.2"]
[BlackElo "2146"]
[WhiteElo "2078"]

1. Nf3 {[%clk 1:30:58]} d5 {[%clk 1:30:34]} 2. b3 {[%clk 1:30:47]} Nf6
{[%clk 1:29:32]} 3. Bb2 {[%clk 1:31:10]} c5 {[%clk 1:27:59]} 4. e3
{[%clk 1:30:55]} Nc6 {[%clk 1:27:37]} 5. d4 {[%clk 1:31:15]} cxd4
{[%clk 1:26:23]} 6. exd4 {[%clk 1:31:35]} Bg4 {[%clk 1:25:43]} 7. Be2
{[%clk 1:31:15]} Bxf3 {[%clk 1:23:36]} 8. Bxf3 {[%clk 1:31:38]} e6
{[%clk 1:23:30]} 9. O-O {[%clk 1:31:18]} Bd6 {[%clk 1:23:04]} 10. c4
{[%clk 1:27:16]} O-O {[%clk 1:22:27]} 11. Nc3 {[%clk 1:17:45]} Rc8
{[%clk 1:18:54]} 12. cxd5 {[%clk 1:09:29]} exd5 {[%clk 1:17:52]} 13. Qd3
{[%clk 1:04:49]} Qd7 {[%clk 1:16:04]} 14. h3 {[%clk 0:58:02]} Bb8
{[%clk 1:14:58]} 15. Rac1 {[%clk 0:52:58]} h5 {[%clk 1:12:17]} 16. h4
{[%clk 0:37:36]} Ne7 {[%clk 1:08:59]} 17. g3 {[%clk 0:35:20]} Ng6
{[%clk 1:04:38]} 18. Bg2 {[%clk 0:31:09]} Rfd8 {[%clk 1:02:42]} 19. Nd1
{[%clk 0:29:04]} Rxc1 {[%clk 1:01:48]} 20. Bxc1 {[%clk 0:29:13]} Nxh4
{[%clk 1:01:14]} 21. Bg5 {[%clk 0:24:10]} Qf5 {[%clk 1:00:02]} 22. Qxf5
{[%clk 0:23:20]} Nxf5 {[%clk 1:00:24]} 23. Bxf6 {[%clk 0:23:41]} gxf6
{[%clk 1:00:46]} 24. Nc3 {[%clk 0:23:35]} Nxd4 {[%clk 0:58:28]} 25. Nxd5
{[%clk 0:23:41]} Kg7 {[%clk 0:57:32]} 26. Rd1 {[%clk 0:21:25]} Ne6
{[%clk 0:54:33]} 27. Bf3 {[%clk 0:21:15]} Nc7 {[%clk 0:52:13]} 1/2-1/2

[Event "Winter Chess"]
[Site "?"]
[Date "2013.12.31"]
[Round "5.8"]
[White "Grove, Michael"]
[Black "Green, Andrew"]
[Result "1/2-1/2"]
[LiveChessVersion "1.4.2"]
[BlackElo "2148"]
[WhiteElo "2091"]

1. e4 {[%clk 1:30:57]} c5 {[%clk 1:30:59]} 2. Nc3 {[%clk 1:30:59]} a6
{[%clk 1:31:26]} 3. g3 {[%clk 1:30:04]} b5 {[%clk 1:31:52]} 4. Bg2
{[%clk 1:30:03]} Bb7 {[%clk 1:32:18]} 5. Nge2 {[%clk 1:24:43]} e6
{[%clk 1:32:42]} 6. O-O {[%clk 1:24:14]} Be7 {[%clk 1:29:02]} 7. d4
{[%clk 1:21:46]} d6 {[%clk 1:23:13]} 8. Be3 {[%clk 1:14:42]} Nd7 {[%clk 1:21:29]}
9. d5 {[%clk 1:03:50]} b4 {[%clk 1:20:09]} 10. dxe6 {[%clk 1:03:38]} fxe6
{[%clk 1:20:00]} 11. Nf4 {[%clk 0:58:14]} Nf8 {[%clk 1:19:31]} 12. Na4
{[%clk 0:53:23]} Qa5 {[%clk 1:00:39]} 13. b3 {[%clk 0:50:26]} e5 {[%clk 0:51:58]}
14. Nd5 {[%clk 0:43:19]} Nf6 {[%clk 0:51:36]} 15. Nab6 {[%clk 0:41:00]} Nxd5
{[%clk 0:50:33]} 16. Nxd5 {[%clk 0:41:02]} Ne6 {[%clk 0:44:59]} 17. Bh3
{[%clk 0:38:17]} Bc8 {[%clk 0:39:05]} 18. Qh5+ {[%clk 0:23:21]} g6
{[%clk 0:36:43]} 19. Qh6 {[%clk 0:23:11]} Qd8 {[%clk 0:35:04]} 20. Rad1
{[%clk 0:20:07]} Bf8 {[%clk 0:31:14]} 21. Qh4 {[%clk 0:20:14]} Qxh4
{[%clk 0:31:06]} 22. gxh4 {[%clk 0:20:36]} Rb8 {[%clk 0:30:37]} 23. Kg2
{[%clk 0:13:25]} Be7 {[%clk 0:27:02]} 24. Bxe6 {[%clk 0:11:50]} Bxe6
{[%clk 0:27:25]} 25. Bg5 {[%clk 0:12:10]} Bxd5 {[%clk 0:24:14]} 26. exd5
{[%clk 0:12:01]} h6 {[%clk 0:21:12]} 27. Bxe7 {[%clk 0:11:57]} Kxe7
{[%clk 0:21:39]} 28. f4 {[%clk 0:12:09]} exf4 {[%clk 0:21:22]} 29. Rde1+
{[%clk 0:12:09]} Kd7 {[%clk 0:21:20]} 1/2-1/2